| 000 | 00000nas 2200000za 4500 |
| 001 | 9.808544 |
| 003 | CaOODSP |
| 005 | 20221107140420 |
| 007 | cr ||||||||||| |
| 008 | 150406d19962003oncbr p o f0 a0fre|d |
| 022 | # |a1702-3947 |
| 040 | |aCaOODSP|bfre |
| 043 | |an-cn--- |
| 086 | 1 |aJS83-4F-pdf |
| 130 | 0 |aRecherche en bref (Canada. Solliciteur général Canada : En ligne) |
| 210 | 0 |aRech. bref - Can., Sollicit. gén. Can. |b(En ligne) |
| 222 | 0|aRecherche en bref - Canada. Solliciteur général Canada |b(En ligne) |
| 245 | 10|aRecherche en bref |h[ressource électronique] : |brecherche et développement correctionnels. |
| 260 | 3 |a[Ottawa] : |bSolliciteur général Canada, |c[1996-2003]. |
| 310 | |aBimestriel |
| 362 | 1 |aVol. 1, no 1 (mai 1996)-v. 8, no 6 (nov. 2003). |
| 500 | |aChaque livr. comporte un titre distinct. |
| 500 | |aPubli. aussi en anglais sous le titre : Research summary. |
| 520 | 3 |aPrésentent un résumé de résultats de recherches correctionnelles récentes sous forme de questions-réponses faciles à comprendre. Chaque rapport met l’accent sur un thème de recherche et répond à une question. Comprend les coordonnées d’une personne-ressource pour obtenir de plus amples renseignements. |
| 691 | 07|aÉtablissement pénitentiaire|2gcpds |
| 691 | 07|aRecherche et développement|2gcpds |
| 710 | 1 |aCanada. |bSolliciteur général Canada. |
| 775 | 08|tResearch summary |w(CaOODSP)9.808542 |
| 785 | 00|tRecherche en bref |w(CaOODSP)9.501956 |